Účtovanie a vykazovanie o pridružených podnikoch podľa štandardu IAS 28

Jednou z primárnych zásad účtovníctva je zásada verného a pravdivého zobrazenia finančnej situácie, ekonomických výsledkov a peňažných tokov podniku. Postup, ktorý štandard IAS 28 predpisuje v prípade účtovania a vykazovania o pridružených podnikoch.

Gespeichert in:
Bibliographische Detailangaben
1. Verfasser: Tumpach, Miloš, 1970-
Format: Buchkapitel
Sprache:Slowakisch
Schlagworte:
Tags: Tag hinzufügen
Keine Tags, Fügen Sie das erste Tag hinzu!

MARC

LEADER 00000nla$a2200000$$$4500
001 0130426
005 20240502072508.8
041 0 |a slo 
044 |a SK 
245 1 0 |a Účtovanie a vykazovanie o pridružených podnikoch podľa štandardu IAS 28  |c Miloš Tumpach 
520 |a Jednou z primárnych zásad účtovníctva je zásada verného a pravdivého zobrazenia finančnej situácie, ekonomických výsledkov a peňažných tokov podniku. Postup, ktorý štandard IAS 28 predpisuje v prípade účtovania a vykazovania o pridružených podnikoch. 
610 2 0 |a štandardy účtovné medzinárodné 
610 2 0 |a podnik pridružený 
610 2 0 |a výkazy účtovné 
610 2 0 |a účtovanie 
610 2 0 |a IAS 
100 1 |a Tumpach, Miloš, 1970-